Papiroflexia origami para expertos

Saved in:
Bibliografiske detaljer
Main Authors: Kasahara, Kunihiko (Author), Takahama, Toshie (Author)
Format: Bog
Sprog:spansk
Udgivet: Madrid EDAF 2000
Fag:
Tags: Tilføj Tag
Ingen Tags, Vær først til at tagge denne postø!

MARC

LEADER 00000nam a2200000 a 4500
001 UCM0452
003 CL-VaPUC
008 020301e20000000SP |||||||||||||||||spa|d
082 0 4 |a 736.982  |b KAS  |2 21 
100 |a Kasahara, Kunihiko  |e author  |9 551736 
700 0 |a Takahama, Toshie  |e author  |9 467247 
245 1 0 |a Papiroflexia origami para expertos 
300 |a 167 p 
942 |c BK 
945 |d 20020301 00:00:00  |a cmena 
260 |a Madrid  |b EDAF  |c 2000 
500 |a Clasificación anterior 745.54 
650 0 |a Origami  |9 310849 
650 7 |a TRABAJOS CON PAPEL  |2 CL-VaPUC  |9 307528 
650 7 |a TECNICAS MANUALES EDUCACION  |2 CL-VaPUC  |9 307529 
583 |a last modification  |c 20020301 00:00:00  |k Rodrigo Vera 
999 |c 299358  |d 299356 
952 |0 0  |1 0  |4 0  |6 736_982000000000000_KAS_2000  |7 0  |8 A  |9 355843  |a BIBARQ  |b BIBARQ  |d 2019-11-21  |i 3794725  |l 3  |m 2  |o 736.982 KAS 2000  |p 3794725  |r 2025-03-19  |s 2025-03-19  |w 2019-11-21  |y BK  |k ARQ 
952 |0 0  |1 0  |4 0  |6 736_982000000000000_KAS_2000  |7 0  |8 A  |9 355844  |a BIBARQ  |b BIBARQ  |d 2019-11-21  |i 3794733  |l 4  |o 736.982 KAS 2000  |p 3794733  |r 2025-01-20  |s 2023-08-10  |w 2019-11-21  |y BK  |k ARQ 
952 |0 0  |1 0  |4 0  |6 736_982000000000000_KAS_2000  |7 0  |8 A  |9 355845  |a BIBARQ  |b BIBARQ  |d 2019-11-21  |i 3794741  |l 1  |o 736.982 KAS 2000  |p 3794741  |r 2025-01-20  |s 2022-10-07  |w 2019-11-21  |y BK  |k ARQ 
952 |0 0  |1 0  |4 0  |6 736_982000000000000_KAS_2000  |7 0  |8 A  |9 355846  |a BIBEDU  |b BIBEDU  |d 2019-11-21  |i 382974K  |o 736.982 KAS 2000  |p 382974K  |r 2019-11-21  |w 2019-11-21  |y BK  |k EPE